[Event "BL 1112 SF Katernberg - Hamburger SK"]
[Site "Hamburg"]
[Date "2012.03.18"]
[Round "13.5"]
[White "Huschenbeth, Niclas"]
[Black "Glek, Igor V"]
[Result "1/2-1/2"]
[WhiteElo "2510"]
[BlackElo "2408"]
[PlyCount "115"]
[EventDate "2011.10.14"]

1. e4 d5 2. exd5 Qxd5 3. Nc3 Qd8 4. d4 Nf6 5. Nf3 Bg4 6. h3 Bxf3 7. Qxf3 c6 8.
Be3 e6 9. Bd3 Nbd7 10. O-O-O Be7 11. Kb1 Nb6 12. Qg3 g6 13. Bh6 Rg8 14. h4 Qd7
15. Qf3 Nbd5 16. Ne4 Nxe4 17. Bxe4 Nf6 18. Rhe1 O-O-O 19. c4 Nxe4 20. Qxe4 Rge8
21. Bg5 f6 22. Bf4 Bb4 23. Bd2 Bxd2 24. Rxd2 e5 25. d5 Qf5 26. Qxf5+ gxf5 27.
d6 b6 28. b4 Kd7 29. Kc2 c5 30. bxc5 Rc8 31. cxb6 Rxc4+ 32. Kb3 Rc6 33. bxa7
Ra8 34. a3 Rxa7 35. Re3 Rb6+ 36. Ka2 Rxd6 37. Rxd6+ Kxd6 38. Rd3+ Ke6 39. g3 f4
40. gxf4 e4 41. Re3 Kf5 42. Kb3 Kxf4 43. Kc2 f5 44. Rg3 Ra6 45. Kd2 Rh6 46. a4
Rxh4 47. Ke2 Rh6 48. Ra3 Ra6 49. a5 h5 50. Kf1 h4 51. Kg2 Kg4 52. Kh2 f4 53.
Kg2 f3+ 54. Kh2 h3 55. Ra4 Kf4 56. Ra3 e3 57. Rxe3 Rxa5 58. Rb3 1/2-1/2

[Event "BL 1112 SF Katernberg - Hamburger SK"]
[Site "Hamburg"]
[Date "2012.03.18"]
[Round "13.6"]
[White "Thesing, Matthias"]
[Black "Ftacnik, Lubomir Dr"]
[Result "0-1"]
[WhiteElo "2404"]
[BlackElo "2570"]
[PlyCount "64"]
[EventDate "2011.10.14"]

1. e4 c5 2. Nc3 d6 3. f4 g6 4. Nf3 Bg7 5. Bb5+ Bd7 6. Bc4 e6 7. O-O Ne7 8. d3
O-O 9. Qe1 Nbc6 10. a3 Nd4 11. Nxd4 cxd4 12. Ne2 d5 13. exd5 exd5 14. Bb3 Rc8
15. Bd2 Re8 16. Qf2 Nf5 17. a4 Ne3 18. Rfc1 h5 19. h3 Bf6 20. Kh1 Bh4 21. g3
Bf6 22. Ng1 Bf5 23. a5 Re7 24. Qf3 Rec7 25. Rab1 Qd7 26. Kh2 Nxc2 27. Bxd5 Ne3
28. Rxc7 Rxc7 29. Bxe3 dxe3 30. Re1 Rc2+ 31. Re2 Rxe2+ 32. Nxe2 Bxd3 0-1

[Event "BL 1112 SF Katernberg - Hamburger SK"]
[Site "Hamburg"]
[Date "2012.03.18"]
[Round "13.7"]
[White "Rogozenco, Dorian"]
[Black "Ris, Robert"]
[Result "1-0"]
[WhiteElo "2552"]
[BlackElo "2403"]
[PlyCount "81"]
[EventDate "2011.10.14"]

1. d4 Nf6 2. c4 g6 3. Nc3 d5 4. Bg5 Ne4 5. Bh4 Nxc3 6. bxc3 dxc4 7. e3 Be6 8.
Nf3 Bg7 9. Be2 O-O 10. O-O c5 11. Rb1 cxd4 12. cxd4 Qd7 13. Ng5 Bd5 14. e4 h6
15. exd5 hxg5 16. Bxg5 Qxd5 17. Bxe7 Nc6 18. Bf3 Qxd4 19. Bxf8 Rxf8 20. Bxc6
Qxd1 21. Rfxd1 bxc6 22. Kf1 c5 23. Rb7 c3 24. Rc1 Re8 25. Rc2 a6 26. Rb6 Bd4
27. Rxa6 Rb8 28. Ke2 c4 29. Ra4 Rc8 30. Rb4 Kf8 31. Kf3 f5 32. Rb7 Ra8 33. g4
fxg4+ 34. Ke4 Rd8 35. a4 Bf6 36. a5 Rd4+ 37. Ke3 g5 38. Ke2 Rf4 39. a6 Bd4 40.
Rxc3 Rxf2+ 41. Ke1 1-0

[Event "BL 1112 SF Katernberg - Hamburger SK"]
[Site "Hamburg"]
[Date "2012.03.18"]
[Round "13.8"]
[White "Scholz, Christian"]
[Black "Heinemann, Thies"]
[Result "1/2-1/2"]
[WhiteElo "2387"]
[BlackElo "2469"]
[PlyCount "89"]
[EventDate "2011.10.14"]

1. d4 Nf6 2. c4 e6 3. Nc3 Bb4 4. Qc2 Nc6 5. Nf3 O-O 6. Bd2 d6 7. a3 Bxc3 8.
Bxc3 Qe7 9. e3 a5 10. Bd3 e5 11. d5 Nb8 12. Nd2 c6 13. dxc6 bxc6 14. Ne4 Nxe4
15. Bxe4 f5 16. Bd3 c5 17. O-O Be6 18. f4 e4 19. Be2 Nd7 20. Qd2 a4 21. Rad1
Ra6 22. Kh1 Qf7 23. Qc2 h5 24. Rf2 Rfa8 25. h3 Bxc4 26. Bxc4 Qxc4 27. g4 hxg4
28. hxg4 fxg4 29. Rg1 Nf6 30. Bxf6 Qxc2 31. Rxc2 gxf6 32. Rxg4+ Kf7 33. f5 Rh8+
34. Kg2 Rh5 35. Rxe4 Rg5+ 36. Kf3 Rxf5+ 37. Ke2 Rh5 38. Kd3 Re5 39. Rxe5 fxe5
40. Kc4 Ke6 41. Rh2 e4 42. Rh6+ Ke5 43. Rh5+ Ke6 44. Rh6+ Ke5 45. Rh5+ 1/2-1/2